000 00693nam a2200253Ia 4500
003 OSt
005 20221006143750.0
006 a|||||r|||| 00| 0
007 ta
008 221006b |||||||| |||| 00| 0 eng d
024 _a9,913
037 _bGift,
_cTextual
040 _aEASL
_cEASL
_beng
041 _2eng
_aeng
082 _aX(F182).41.N6, K5
100 _aWU Yuan-Li
245 0 _aSteel industry in Communist China
260 _aNew York
_bFrederick A. Praeger Publishers
_c1965
300 _a334p.
_ccm.
490 _v CEL
700 _a HSIA Ronald
942 _hX(F182).41.N6, K5
_cTEXL
_2CC
999 _c1077999
_d1077999